| 000 | 00725nam a2200157 i 4500 | ||
|---|---|---|---|
| 001 | 190111 | ||
| 003 | ES-MaACL | ||
| 005 | 20230906223638.0 | ||
| 008 | 200729s1868 sp |||| | spa d | ||
| 110 | 2 |
_aSociedad de Escritores, Profesores y Amantes de las Ciencias, Letras y Bellas Artes (Madrid) _9170218 |
|
| 245 | 1 | 0 |
_aProyecto de Estatutos de la Sociedad de Escritores, Profesores y Amantes de las Ciencias, Letras y Bellas Artes _b: 9 de febrero de 1868. |
| 260 |
_aMadrid : _b[s.n.], _c1868 ( _fImp. de "La Correspondencia de EspaƱa") |
||
| 300 |
_aIX, 12 p. ; _c19 cm. |
||
| 610 | 2 | 4 |
_aSociedad de Escritores, Profesores y Amantes de las Ciencias, Letras y Bellas Artes (Madrid) _9170218 |
| 852 | 4 |
_aES-MaACL _jT-91-F-3 |
|
| 999 |
_c190111 _d190111 |
||